[Event "23rd Abu Dhabi Masters"]
[Site "Abu Dhabi UAE"]
[Date "2016.08.21"]
[Round "1.54"]
[White "Pujari, Rucha"]
[Black "Kjartansson, Gudmundur"]
[Result "0-1"]
[WhiteTitle "WFM"]
[BlackTitle "IM"]
[WhiteElo "2137"]
[BlackElo "2442"]
[WhiteFideId "5024528"]
[BlackFideId "2301318"]
[EventDate "2016.08.21"]

1. d4 d5 2. c4 e6 3. Nf3 Nf6 4. Nc3 c6 5. e3 Nbd7 6. Qc2 Bd6 7. b3 O-O 8. Bb2 b6
9. Rd1 Qe7 10. Be2 Bb7 11. O-O Rfd8 12. e4 Nxe4 13. Nxe4 dxe4 14. Qxe4 Nf6 15.
Qh4 c5 16. dxc5 Bxc5 17. Bd3 Ne4 18. Qxe7 Bxe7 19. Rfe1 Bb4 20. Re2 Nc3 21. Bxc3
Bxc3 22. Rc2 Bf6 23. Rcd2 Kf8 24. Bc2 Rxd2 25. Rxd2 Ke7 26. Kf1 h5 27. h3 g5 28.
Bd1 g4 29. hxg4 hxg4 30. Ng1 Rg8 31. f3 g3 32. Ne2 Be5 33. f4 Bf6 34. Rd3 Be4
35. Re3 Rd8 36. Ke1 Bxg2 37. Nxg3 Bd4 38. Nf5+ Kf6 39. Nxd4 Rxd4 40. Rg3 Bc6 41.
Rg8 Rxf4 42. Rc8 Bg2 43. Rc7 a5 44. c5 bxc5 45. Bh5 Rh4 46. Rxc5 a4 47. bxa4
Rxa4 48. Rc7 Rxa2 49. Rxf7+ Kg5 50. Be2 Be4 51. Bc4 Ra1+ 52. Kd2 Bf5 53. Ke3 Rc1
54. Kd4 Rd1+ 55. Ke3 Kg6 56. Rf8 Kg7 57. Rb8 Kf6 58. Be2 Rh1 59. Bf3 Ra1 60. Rb5
Ra3+ 61. Kf2 e5 62. Rb6+ Kg5 63. Rb4 Bd3 64. Kg2 Kf5 65. Bg4+ Kg5 66. Bf3 Rc3
67. Ra4 Bc4 68. Kf2 Kf5 69. Be2 Bf7 70. Bg4+ Kg5 71. Bf3 Bg6 72. Rg4+ Kf6 73.
Ra4 Bd3 74. Rb4 Bc4 75. Ra4 Kf5 76. Be2 Bd5 77. Bg4+ Kg5 78. Be2 Bb7 79. Rb4 Ba8
80. Ra4 Bh1 81. Ra1 Bc6 82. Rg1+ Kf5 83. Rg3 Rc5 84. Rg8 Bd5 85. Rf8+ Kg5 86.
Ke3 Rc3+ 87. Kd2 Ra3 88. Rd8 Ba8 89. Rd3 Ra2+ 90. Ke3 e4 91. Rc3 Ra5 92. Rb3 Bc6
93. Rc3 Bd5 94. Bd1 Kf5 95. Bc2 Ke5 96. Bd1 Ra1 97. Bg4 Rg1 98. Be2 Rg2 99. Rc8
Rg3+ 100. Kf2 Ra3 101. Rb8 e3+ 102. Kg3 Ra7 103. Re8+ Kd4 104. Rd8 Rg7+ 105. Kh3
Rg5 0-1

[Event "23rd Abu Dhabi Masters"]
[Site "Abu Dhabi UAE"]
[Date "2016.08.21"]
[Round "1.55"]
[White "Fawzy, Adham"]
[Black "Likhit, Chilukuri"]
[Result "1/2-1/2"]
[WhiteTitle "IM"]
[WhiteElo "2440"]
[BlackElo "2133"]
[WhiteFideId "10613129"]
[BlackFideId "35005456"]
[EventDate "2016.08.21"]

1. d4 Nf6 2. c4 g6 3. Nc3 Bg7 4. e4 d6 5. Bd3 O-O 6. Nge2 c5 7. d5 a6 8. O-O b5
9. cxb5 Qa5 10. Bd2 Nbd7 11. Ng3 h5 12. f3 h4 13. Nh1 Ne5 14. Be2 c4 15. a4 axb5
16. Nxb5 Qb6+ 17. Nf2 Bd7 18. Bc3 Bxb5 19. axb5 Qxb5 20. Qd2 Nh7 21. Rxa8 Rxa8
22. f4 Bh6 23. Qd4 Bxf4 24. Ng4 Bg5 25. Nxe5 dxe5 26. Qxe5 Qc5+ 27. Kh1 Bf6 28.
Qf4 g5 29. Qf5 Bxc3 30. Qxf7+ Kh8 31. bxc3 Qe3 32. Bxc4 Qxc3 33. Be2 Qb2 34. Bd3
Qd4 35. Qf3 Rf8 36. Qe2 Rxf1+ 37. Qxf1 Nf6 38. g3 Kg7 39. gxh4 Nxe4 40. Kg2 Qxd5
41. Qf3 Nf6 1/2-1/2

[Event "23rd Abu Dhabi Masters"]
[Site "Abu Dhabi UAE"]
[Date "2016.08.21"]
[Round "1.56"]
[White "Ajay Krishna, S"]
[Black "Savanovic, Aleksandar"]
[Result "0-1"]
[BlackTitle "IM"]
[WhiteElo "2125"]
[BlackElo "2440"]
[WhiteFideId "5096430"]
[BlackFideId "914932"]
[EventDate "2016.08.21"]

1. d4 f5 2. g3 Nf6 3. Bg2 e6 4. Nf3 d5 5. O-O Bd6 6. c4 c6 7. Qc2 O-O 8. b3 Qe7
9. Nc3 Bd7 10. Na4 Be8 11. Nb2 Nbd7 12. Nd3 Ne4 13. Bf4 Bxf4 14. Nxf4 Rd8 15.
cxd5 exd5 16. Nd3 Bh5 17. Nfe5 Nxe5 18. Nxe5 f4 19. f3 Nd6 20. Qd2 Qf6 21. Bh3
Qh6 22. Kg2 Ne4 23. Qc2 Ng5 24. Bf5 Bg6 25. Nxg6 hxg6 26. Bg4 Rde8 27. Qd2 Ne4
28. Qc2 Nf6 29. Rae1 Qg5 30. gxf4 Nxg4 31. fxg4 Qxg4+ 32. Kh1 Rxf4 33. Rxf4 Qxf4
34. Qxg6 Rxe2 35. Rxe2 Qf1+ 36. Qg1 Qxe2 37. h3 Qxa2 38. Qe1 Kf7 39. Qf1+ Ke8
40. Qe1+ Kd8 41. Qh4+ Kc7 42. Qe7+ Kb6 43. Qc5+ Ka6 44. b4 Qa4 45. Kh2 b6 46.
Qc3 Kb5 47. Qd3+ Kxb4 48. Qg6 a5 49. Qxg7 Qc2+ 50. Kg3 a4 51. h4 a3 52. Qa7 Qd3+
53. Kg2 Qxd4 54. h5 Kb3 55. h6 a2 56. h7 a1=Q 57. h8=Q Qab2+ 58. Kg3 Qbf2+ 0-1

[Event "23rd Abu Dhabi Masters"]
[Site "Abu Dhabi UAE"]
[Date "2016.08.21"]
[Round "1.58"]
[White "Wafa, Shahenda"]
[Black "Ameir, Moheb"]
[Result "0-1"]
[WhiteTitle "WIM"]
[BlackTitle "IM"]
[WhiteElo "2113"]
[BlackElo "2431"]
[WhiteFideId "10609962"]
[BlackFideId "10600620"]
[EventDate "2016.08.21"]

1. e4 c5 2. Nf3 e6 3. d4 cxd4 4. Nxd4 Nc6 5. c4 Nf6 6. Nc3 Bb4 7. Nxc6 bxc6 8.
Bd3 e5 9. O-O O-O 10. Qc2 Bc5 11. a3 d6 12. b4 Bd4 13. Bb2 Bg4 14. Ne2 Bxe2 15.
Qxe2 Bxb2 16. Qxb2 Re8 17. Rfd1 Qe7 18. Qe2 Nd7 19. Bc2 Nf8 20. Ba4 Rac8 21. Qd2
Red8 22. Rac1 Ne6 23. Rc3 Nd4 24. f4 c5 25. f5 cxb4 26. axb4 Qb7 27. f6 Qxe4 28.
Re1 Qg6 29. fxg7 Rxc4 30. Rg3 Qe6 31. Qd3 Rdc8 32. Bd1 Rc1 33. Rh3 Qg6 34. Qd2
R1c2 0-1

[Event "23rd Abu Dhabi Masters"]
[Site "Abu Dhabi UAE"]
[Date "2016.08.21"]
[Round "1.59"]
[White "Vignesh, N R"]
[Black "Saim, Mohamed Ilias"]
[Result "1-0"]
[WhiteTitle "IM"]
[BlackTitle "FM"]
[WhiteElo "2423"]
[BlackElo "2109"]
[WhiteFideId "25012215"]
[BlackFideId "7900465"]
[EventDate "2016.08.21"]

1. e4 c5 2. Nf3 e6 3. d4 cxd4 4. Nxd4 Nf6 5. Bd3 Nc6 6. Nxc6 bxc6 7. O-O Qc7 8.
Qe2 e5 9. f4 Bc5+ 10. Kh1 d6 11. Nc3 Bd4 12. Qe1 Rb8 13. Nd1 exf4 14. Bxf4 Qe7
15. Qh4 Be5 16. Bxe5 dxe5 17. b3 Ng4 18. Qg3 h5 19. Bc4 h4 20. Qf3 Nf6 21. Ne3
O-O 22. Nf5 Bxf5 23. exf5 Qc5 24. Rae1 Rbd8 25. Qh3 Rd4 26. Qe3 Ng4 27. Qe2 Re8
28. c3 Rxc4 29. bxc4 Nf6 30. Rf3 e4 31. Qf2 Qxc4 32. Qxh4 Qxa2 33. Rh3 Kf8 34.
Rhe3 Qd5 35. g4 a5 36. g5 Ng8 37. Rxe4 a4 38. c4 1-0

[Event "23rd Abu Dhabi Masters"]
[Site "Abu Dhabi UAE"]
[Date "2016.08.21"]
[Round "1.60"]
[White "Wafa, Shrook"]
[Black "Shyaamnikhil, P"]
[Result "1/2-1/2"]
[WhiteTitle "WGM"]
[BlackTitle "IM"]
[WhiteElo "2106"]
[BlackElo "2421"]
[WhiteFideId "10609970"]
[BlackFideId "5024218"]
[EventDate "2016.08.21"]

1. e4 c5 2. Nf3 d6 3. Nc3 a6 4. g3 b5 5. Bg2 Bb7 6. d3 g6 7. Be3 Bg7 8. Qd2 Nc6
9. O-O Nd4 10. Ne1 e6 11. Nd1 Ne7 12. c3 Ndc6 13. f4 f5 14. Nf2 b4 15. c4 Nd4
16. Nf3 Nec6 17. exf5 Nxf5 18. Ng5 Qf6 19. Rae1 O-O-O 20. Bxc5 dxc5 21. Rxe6
Qxb2 22. Qxb2 Bxb2 23. Bxc6 Bxc6 24. Rxc6+ Kb7 25. Rxc5 Kb6 26. Rxf5 gxf5 27.
Nf7 Rde8 28. Rb1 Re2 29. Kf1 Rhe8 30. Nd6 Bd4 31. Nfe4 R8xe4 32. dxe4 Rf2+ 33.
Ke1 Rxa2 34. Nxf5 Bc5 35. e5 Rxh2 36. Kd1 a5 37. e6 a4 38. e7 Bxe7 39. Nxe7 b3
40. Kc1 Rc2+ 41. Kd1 Rh2 42. Kc1 Rh1+ 43. Kb2 a3+ 44. Ka1 b2+ 45. Ka2 Rc1 46. f5
Kc5 47. f6 Kd6 48. Nd5 Ke6 49. Nc7+ Kxf6 50. Nb5 Rxc4 51. Nxa3 Rg4 52. Rf1+ Kg5
53. Rh1 1/2-1/2

[Event "23rd Abu Dhabi Masters"]
[Site "Abu Dhabi UAE"]
[Date "2016.08.22"]
[Round "2.2"]
[White "Swayams, Mishra"]
[Black "Adhiban, Baskaran"]
[Result "0-1"]
[WhiteTitle "IM"]
[BlackTitle "GM"]
[WhiteElo "2468"]
[BlackElo "2671"]
[WhiteFideId "5028183"]
[BlackFideId "5018471"]
[EventDate "2016.08.21"]

1. d4 Nf6 2. c4 e6 3. Nc3 Bb4 4. e3 O-O 5. Ne2 c6 6. a3 Ba5 7. Qc2 d5 8. cxd5
exd5 9. Nf4 Re8 10. Bd3 Nbd7 11. O-O Nf8 12. Bd2 Bc7 13. f3 Bxf4 14. exf4 Qb6
15. Ne2 Bf5 16. Bxf5 Rxe2 17. Qd3 Rae8 18. b4 g6 19. Bh3 Qb5 20. Qxb5 cxb5 21.
Rf2 N8d7 22. Kf1 Rxf2+ 23. Kxf2 Nb6 24. Re1 Nc4 25. Bc1 Rxe1 26. Kxe1 Nd6 27.
Kd2 Nfe8 28. Kc3 f5 29. g3 Nc7 30. Bf1 Na8 31. Bd3 Nb6 32. Bc2 Kf7 33. Bb3 Ke6
34. Kd3 Ndc4 35. Bc2 Na8 36. Kc3 Nc7 37. Bb3 Kd6 38. Bc2 Ne6 39. Bd3 Kc6 40. Bc2
a6 41. Bd3 Nb6 42. Bc2 Na4+ 43. Kd3 Kd6 44. Bb3 Nd8 45. Kc2 Nc6 46. Kd3 a5 47.
Bd2 Nb2+ 48. Kc3 Nc4 49. Bc1 Nb6 50. Bd2 Ke6 51. Bc2 Nc4 52. Bc1 Kd6 53. Bb3 Nb6
54. Bd2 Na8 55. Bc2 Nc7 56. Bd3 Na6 57. Bc1 Ke6 58. Bxb5 axb4+ 59. axb4 Naxb4
60. Ba3 Na6 61. Bf8 Nc7 62. Bd3 Ne8 63. Bc5 Nd6 64. Bb6 Ne7 65. Bc5 Nec8 66. Bf1
b6 67. Ba3 Na7 68. Kb4 Nc6+ 69. Kc3 Na5 70. Kb4 Nac4 71. Bc1 Kd7 72. h4 h5 73.
Bh3 Kc6 74. g4 b5 75. gxh5 gxh5 76. Bf1 Nc8 77. Bd3 Ne7 78. Kb3 Kb6 79. Ba3 Nxa3
80. Kxa3 Ka5 81. Bc2 b4+ 82. Kb2 Kb6 83. Bd3 Kc7 84. Kb3 Nc6 85. Ka4 Nxd4 86.
Kxb4 Kd6 87. Kc3 Kc5 88. Bb1 Nb5+ 89. Kd2 Nd6 90. Kd3 Nc8 91. Bc2 Ne7 92. Kc3
Kd6 93. Kd4 Nc6+ 94. Ke3 Ne7 95. Ba4 Ng6 96. Be8 Nxh4 97. Kf2 d4 98. Bxh5 Ke7
99. Kg3 d3 100. Kf2 Ng2 101. Bg6 d2 0-1

[Event "23rd Abu Dhabi Masters"]
[Site "Abu Dhabi UAE"]
[Date "2016.08.22"]
[Round "2.3"]
[White "Fedoseev, Vladimir3"]
[Black "Swapnil, S. Dhopade"]
[Result "1-0"]
[WhiteTitle "GM"]
[BlackTitle "GM"]
[WhiteElo "2670"]
[BlackElo "2500"]
[WhiteFideId "24130737"]
[BlackFideId "5019184"]
[EventDate "2016.08.21"]

1. e4 e5 2. Nf3 Nc6 3. Nc3 Nf6 4. g3 d5 5. exd5 Nxd5 6. Bg2 Nxc3 7. bxc3 Bc5 8.
O-O O-O 9. d3 Bg4 10. Qe1 Re8 11. h3 Bh5 12. a4 f5 13. Nh4 Qf6 14. a5 a6 15. Ra4
Bf7 16. Be3 Bd6 17. Nf3 Bd5 18. Qb1 Kh8 19. Nd2 Bxg2 20. Kxg2 Rab8 21. Qb3 h6
22. Nc4 Bf8 23. Bc1 e4 24. Bf4 Qf7 25. Ne3 Qxb3 26. cxb3 exd3 27. Bxc7 Rbc8 28.
Bb6 Ne5 29. Bd4 Nc6 30. Bb6 Ne5 31. Nd5 Nd7 32. Rd1 Nxb6 33. axb6 Red8 34. Rxd3
Rc6 35. c4 Rxb6 36. Rf3 Rbd6 37. Rxf5 b5 38. cxb5 axb5 39. Raf4 Rxd5 40. Rxd5
Rxd5 41. Rxf8+ Kh7 42. Rb8 Kg6 43. Rb7 h5 44. b4 Rf5 45. h4 Kf6 46. f4 Rd5 47.
Kf3 Rd3+ 48. Kf2 g6 49. Rb6+ Kg7 50. Rxb5 Kf6 51. Rg5 Rb3 52. b5 Kf7 53. Ke2 Kf6
54. Kd2 1-0

[Event "23rd Abu Dhabi Masters"]
[Site "Abu Dhabi UAE"]
[Date "2016.08.22"]
[Round "2.4"]
[White "Georgescu, Tiberiu-Marian"]
[Black "Areshchenko, Alexander"]
[Result "0-1"]
[WhiteTitle "GM"]
[BlackTitle "GM"]
[WhiteElo "2463"]
[BlackElo "2665"]
[WhiteFideId "1213300"]
[BlackFideId "14109530"]
[EventDate "2016.08.21"]

1. d4 Nf6 2. Nf3 g6 3. Nbd2 c5 4. dxc5 Qa5 5. e3 Bg7 6. a3 Qxc5 7. b4 Qc7 8. Bb2
O-O 9. c4 d6 10. Be2 b6 11. O-O Nbd7 12. Qb3 Bb7 13. Rac1 Rac8 14. Rfd1 Qb8 15.
Nd4 a6 16. Bf3 Rc7 17. Rc2 Rfc8 18. Rdc1 Bxf3 19. N4xf3 Qb7 20. Qd3 Ne8 21. Bxg7
Nxg7 22. Nd4 Ne5 23. Qe2 Nh5 24. h3 Nf6 25. e4 Ned7 26. N4f3 e5 27. Qd3 Qc6 28.
g3 a5 29. Rc3 axb4 30. axb4 Ra7 31. Ne1 Nf8 32. c5 bxc5 33. bxc5 dxc5 34. Qe3
Ne6 35. Nd3 Nd7 36. Nb3 Ra3 37. Nb4 Qd6 38. Nd5 Nd4 39. Nd2 Rxc3 40. Rxc3 Nb6
41. Nc4 Nxd5 42. exd5 Qa6 43. Kg2 Re8 44. d6 Qc6+ 45. Kh2 Qd5 46. Nd2 f5 47. Nc4
Kg7 48. h4 e4 49. Rc1 Rb8 50. Kh3 h6 51. Qf4 Ne2 52. Qe3 Nxc1 53. Qc3+ Qd4 54.
Qxc1 Rb4 55. Ne3 Qxd6 56. Qa1+ Rd4 57. h5 f4 58. gxf4 Qxf4 59. Qa7+ Qf7 60. Qxc5
Qf3+ 61. Kh2 Qxf2+ 62. Ng2 Qf6 63. Qc7+ Kg8 64. Qc8+ Rd8 65. Qc4+ Qf7 66. Qxe4
g5 67. Qe2 Rd4 68. Kg1 Qd7 69. Ne3 Qe6 70. Qf3 Rf4 71. Qa8+ Rf8 72. Qa3 Qf7 73.
Ng4 Qf1+ 74. Kh2 Qf4+ 75. Kh3 Qf3+ 76. Qxf3 Rxf3+ 77. Kg2 Rf4 0-1

[Event "23rd Abu Dhabi Masters"]
[Site "Abu Dhabi UAE"]
[Date "2016.08.22"]
[Round "2.5"]
[White "Efimenko, Zahar"]
[Black "Aryan, Chopra"]
[Result "1-0"]
[WhiteTitle "GM"]
[BlackTitle "IM"]
[WhiteElo "2661"]
[BlackElo "2485"]
[WhiteFideId "14107201"]
[BlackFideId "5084423"]
[EventDate "2016.08.21"]

1. Nf3 d5 2. g3 c6 3. Bg2 Bg4 4. O-O Nf6 5. d3 Nbd7 6. Nbd2 e5 7. e4 dxe4 8.
dxe4 Bc5 9. h3 Bh5 10. Qe1 O-O 11. Nb3 Bb6 12. a4 a5 13. Nbd2 Bc7 14. Nc4 b5 15.
Ne3 Bg6 16. Nf5 Bxf5 17. exf5 e4 18. Nd4 Ne5 19. Be3 bxa4 20. Qe2 Re8 21. Rxa4
Rb8 22. Rd1 Qc8 23. Bg5 Rxb2 24. Bxf6 gxf6 25. Bxe4 Bb6 26. Nb3 Qc7 27. Kg2 c5
28. Rda1 Qe7 29. Nxa5 Rb4 30. c3 Rxa4 31. Rxa4 Bxa5 32. Rxa5 Kg7 33. Bd5 c4 34.
Qe4 Qd8 35. Ra7 Re7 36. Rxe7 Qxe7 37. f4 Qa3 38. fxe5 Qb2+ 39. Kf3 Qxc3+ 40. Qe3 1-0

[Event "23rd Abu Dhabi Masters"]
[Site "Abu Dhabi UAE"]
[Date "2016.08.22"]
[Round "2.6"]
[White "Illingworth, Max"]
[Black "Amin, Bassem"]
[Result "0-1"]
[WhiteTitle "GM"]
[BlackTitle "GM"]
[WhiteElo "2458"]
[BlackElo "2654"]
[WhiteFideId "3205207"]
[BlackFideId "10601457"]
[EventDate "2016.08.21"]

1. Nf3 Nf6 2. c4 g6 3. Nc3 Bg7 4. e4 d6 5. d4 O-O 6. h3 e5 7. d5 Nh5 8. g3 Na6
9. Be3 Nc5 10. Nd2 a5 11. Be2 Nf6 12. h4 Ne8 13. g4 f5 14. g5 Bd7 15. f3 c6 16.
a3 cxd5 17. cxd5 a4 18. Rb1 b6 19. Bc4 Nc7 20. Qe2 Qe8 21. Qh2 b5 22. Be2 N7a6
23. h5 gxh5 24. Qxh5 Qxh5 25. Rxh5 Rab8 26. b4 axb3 27. Nxb3 Na4 28. Na2 N6c5
29. Nd2 f4 30. Bf2 Rfc8 31. Kd1 Bf8 32. Rh1 Be7 33. Nb3 Kg7 34. Rh6 Nb7 35. Bh4
Nd8 36. Kd2 Nf7 37. Na5 Bd8 38. Nc6 Bxc6 39. dxc6 Ba5+ 40. Kd1 Nxh6 41. gxh6+
Kxh6 42. Rxb5 Rxb5 43. Bxb5 Nc3+ 44. Nxc3 Bxc3 45. Kc2 Ba5 46. Kb3 Kh5 47. Bf2
Rb8 48. a4 Kg5 49. Kc4 h5 50. Kd5 h4 51. Bg1 Kf6 52. Bh2 h3 53. Bf1 Rb2 54. Bxf4
exf4 55. Bxh3 Bc7 0-1

[Event "23rd Abu Dhabi Masters"]
[Site "Abu Dhabi UAE"]
[Date "2016.08.22"]
[Round "2.7"]
[White "Gusain, Himal"]
[Black "Kuzubov, Yuriy"]
[Result "0-1"]
[BlackTitle "GM"]
[WhiteElo "2453"]
[BlackElo "2639"]
[WhiteFideId "5033861"]
[BlackFideId "14112906"]
[EventDate "2016.08.21"]

1. e4 d6 2. d4 Nf6 3. Nc3 e5 4. Nge2 c6 5. a4 g6 6. h3 Bg7 7. g4 exd4 8. Nxd4 d5
9. exd5 Nxd5 10. Nde2 h5 11. Nxd5 cxd5 12. gxh5 Rxh5 13. c3 Nc6 14. Be3 Qh4 15.
a5 Re5 16. Qd2 Bf5 17. Bg2 Be4 18. Bxe4 Qxe4 19. Rg1 O-O-O 20. b3 a6 21. Ra4
Qb1+ 22. Qd1 Qf5 23. h4 Re4 24. Rg5 Qh3 25. h5 Bxc3+ 26. Nxc3 Rxe3+ 27. Ne2 Qh1+
28. Kd2 Rd3+ 0-1

[Event "23rd Abu Dhabi Masters"]
[Site "Abu Dhabi UAE"]
[Date "2016.08.22"]
[Round "2.8"]
[White "Kjartansson, Gudmundur"]
[Black "Salem, A.R. Saleh"]
[Result "0-1"]
[WhiteTitle "IM"]
[BlackTitle "GM"]
[WhiteElo "2442"]
[BlackElo "2617"]
[WhiteFideId "2301318"]
[BlackFideId "9301348"]
[EventDate "2016.08.21"]

1. g3 c5 2. c4 g6 3. Nc3 Bg7 4. Bg2 Nc6 5. Nf3 e6 6. d3 Nge7 7. h4 h6 8. Bd2 d5
9. Qc1 b6 10. O-O Bb7 11. b3 Qd7 12. Re1 d4 13. Na4 Ne5 14. Nxe5 Bxe5 15. Bxb7
Qxb7 16. b4 g5 17. h5 Nf5 18. Kh2 cxb4 19. Bxb4 f6 20. c5 b5 21. Nb2 Qf7 22. Kg2
Qxh5 0-1

[Event "23rd Abu Dhabi Masters"]
[Site "Abu Dhabi UAE"]
[Date "2016.08.22"]
[Round "2.9"]
[White "Banusz, Tamas"]
[Black "Lei, Tingjie"]
[Result "1-0"]
[WhiteTitle "GM"]
[BlackTitle "WGM"]
[WhiteElo "2616"]
[BlackElo "2480"]
[WhiteFideId "722413"]
[BlackFideId "8605114"]
[EventDate "2016.08.21"]

1. Nf3 d5 2. g3 g6 3. Bg2 Bg7 4. d4 Nf6 5. c4 c6 6. b3 O-O 7. Bb2 Ne4 8. O-O a5
9. Nc3 Bf5 10. e3 Nd7 11. Qe2 Ndf6 12. Rfc1 Nxc3 13. Bxc3 a4 14. Nd2 axb3 15.
axb3 Rxa1 16. Rxa1 Qd7 17. Ra7 Ne4 18. Nxe4 Bxe4 19. Bxe4 dxe4 20. Qc2 f5 21. b4
g5 22. Qb1 Bf6 23. c5 Kg7 24. b5 cxb5 25. Ra5 b6 26. cxb6 Qc6 27. Qb3 Qxb6 28.
Rxb5 Qa6 29. Rxf5 Qd3 30. Rc5 Ra8 31. Qb5 Qd1+ 32. Qf1 Qb3 33. Ba5 Rb8 34. Bc7
Ra8 35. Be5 Qb2 36. Bxf6+ exf6 37. Qh3 Qb7 38. Qe6 Ra1+ 39. Kg2 Qa6 40. Rc7+ Kf8
41. Qf7# 1-0

[Event "23rd Abu Dhabi Masters"]
[Site "Abu Dhabi UAE"]
[Date "2016.08.22"]
[Round "2.10"]
[White "Savanovic, Aleksandar"]
[Black "Ter-Sahakyan, Samvel"]
[Result "1/2-1/2"]
[WhiteTitle "IM"]
[BlackTitle "GM"]
[WhiteElo "2440"]
[BlackElo "2613"]
[WhiteFideId "914932"]
[BlackFideId "13302531"]
[EventDate "2016.08.21"]

1. e4 c5 2. Nf3 d6 3. d4 cxd4 4. Nxd4 Nf6 5. Nc3 a6 6. Bg5 Nbd7 7. f4 Qc7 8. Qf3
g6 9. O-O-O Bg7 10. Bxf6 Nxf6 11. Nd5 Nxd5 12. exd5 Bd7 13. Be2 O-O 14. g4 Rfc8
15. Qe4 Ba4 16. Nb3 a5 17. Kb1 Qd7 18. Rc1 Bb5 19. c4 Ba6 20. Rc2 Qd8 21. Nd4
Qb6 22. Rd1 Rc7 23. Nb5 Rc5 24. a4 Bxb5 25. axb5 Rc7 26. Ka2 Qc5 27. Rd3 a4 28.
Ra3 Qb4 29. h4 Rac8 30. Bd3 b6 31. h5 Ra8 32. hxg6 hxg6 33. g5 Qc5 34. f5 Qd4
35. fxg6 Qxe4 36. gxf7+ Kxf7 37. Bxe4 Be5 38. Rh3 Kg8 39. Rf3 Rac8 40. Bd3 Rf8
41. Rxf8+ Kxf8 42. Ka3 Ra7 43. Rf2+ Kg8 44. g6 Ra8 45. Rf7 Rf8 46. Rxf8+ Kxf8
47. Kxa4 Bxb2 1/2-1/2

[Event "23rd Abu Dhabi Masters"]
[Site "Abu Dhabi UAE"]
[Date "2016.08.22"]
[Round "2.11"]
[White "Oleksiyenko, Mykhaylo"]
[Black "Igonin, Temur"]
[Result "1/2-1/2"]
[WhiteTitle "GM"]
[BlackTitle "IM"]
[WhiteElo "2610"]
[BlackElo "2466"]
[WhiteFideId "4152417"]
[BlackFideId "14203049"]
[EventDate "2016.08.21"]

1. e4 e5 2. Nf3 Nc6 3. Bb5 a6 4. Bxc6 dxc6 5. O-O Bd6 6. d4 exd4 7. Qxd4 f6 8.
Qc4 Ne7 9. Qb3 Qd7 10. Re1 Ng6 11. Be3 Qf7 12. Nbd2 Qxb3 13. axb3 Kf7 14. Nc4
Re8 15. Nxd6+ cxd6 16. Bb6 Bg4 17. Nd2 Be6 18. g3 Ne7 19. f4 d5 20. f5 Bd7 21.
Rad1 g6 22. fxg6+ Kxg6 23. Rf1 dxe4 24. c4 Bg4 25. Rde1 f5 26. Kg2 c5 27. h3 Bh5
28. Bxc5 Nc6 29. g4 fxg4 30. Nxe4 Re6 31. Nd6 Nd4 32. Nxb7 Ne2 33. Nd6 Rd8 34.
Rd1 gxh3+ 35. Kh2 Bg4 36. Rd2 h5 37. b4 h4 38. Rf2 Ng3 39. Rd4 Kh5 40. Rd5+ Kg6
41. Rd4 Kh5 42. Rd5+ Kg6 43. Nf5 Bxf5 44. Rxd8 Re1 45. Rg8+ Kh7 46. Rxg3 hxg3+
47. Kxg3 Kg6 48. b5 axb5 49. cxb5 Rg1+ 50. Kf4 Rc1 51. Bd6 Rc2 52. Rxc2 Bxc2 53.
Ke3 Kf5 54. Bh2 Ba4 55. b6 Bc6 56. Kd4 1/2-1/2

[Event "23rd Abu Dhabi Masters"]
[Site "Abu Dhabi UAE"]
[Date "2016.08.22"]
[Round "2.12"]
[White "Dragun, Kamil"]
[Black "Das, Arghyadip"]
[Result "1-0"]
[WhiteTitle "GM"]
[BlackTitle "IM"]
[WhiteElo "2609"]
[BlackElo "2457"]
[WhiteFideId "1134167"]
[BlackFideId "5003610"]
[EventDate "2016.08.21"]

1. d4 d5 2. c4 e6 3. Nf3 c6 4. Bg5 Be7 5. Bxe7 Qxe7 6. e3 Nf6 7. Nc3 O-O 8. Bd3
Nbd7 9. cxd5 exd5 10. Qc2 Re8 11. O-O Nf8 12. Ne5 Ne4 13. b4 f6 14. Nf3 Bg4 15.
Bxe4 dxe4 16. Nd2 Bf5 17. b5 c5 18. Nb3 cxd4 19. Nxd4 Bg6 20. Rfc1 Qd7 21. a4
Rac8 22. Qb2 Bf7 23. Nce2 Ng6 24. Rxc8 Rxc8 25. Rc1 Ne5 26. Rxc8+ Qxc8 27. Qc3
Qxc3 28. Nxc3 Bg6 29. Ne6 Nc4 30. Nc5 Nd6 31. g4 Kf7 32. Kg2 f5 33. g5 b6 34.
Nb3 Ke6 35. Nd4+ Kd7 36. Kg3 Bh5 37. Nc6 Nc8 38. Kf4 g6 39. Ke5 Nd6 40. Nxa7
Nc4+ 41. Kd4 Nb2 42. Nc6 Bd1 43. Ne5+ Ke6 44. Nc4 Nxc4 45. Kxc4 Bc2 46. Kb4 Kd6
47. a5 bxa5+ 48. Kxa5 Bd3 49. b6 Bc4 50. Nb5+ Kd5 1-0

[Event "23rd Abu Dhabi Masters"]
[Site "Abu Dhabi UAE"]
[Date "2016.08.22"]
[Round "2.13"]
[White "Zubov, Alexander"]
[Black "Thejkumar, M. S."]
[Result "1-0"]
[WhiteTitle "GM"]
[BlackTitle "IM"]
[WhiteElo "2606"]
[BlackElo "2445"]
[WhiteFideId "14109409"]
[BlackFideId "5009154"]
[EventDate "2016.08.21"]

1. Nf3 d5 2. d4 Nf6 3. c4 e6 4. e3 a6 5. b3 c5 6. Bb2 Nc6 7. cxd5 exd5 8. Nbd2
Bg4 9. Be2 Bxf3 10. Nxf3 cxd4 11. Nxd4 Bb4+ 12. Kf1 O-O 13. g3 Rc8 14. Kg2 Nxd4
15. Qxd4 Rc2 16. Bd3 Bc5 17. Bxh7+ Kh8 18. Qxf6 gxf6 19. Bxc2 Bd6 20. Rhd1 Be5
21. Bxe5 fxe5 22. Be4 Qe7 23. Bxd5 b5 24. a4 Rd8 25. axb5 axb5 26. e4 Rd7 27.
Rd3 Kg7 28. Rf3 f6 29. Ra6 Rd6 30. Ra5 Qd7 31. Ra8 f5 32. Rg8+ Kh6 33. Rf8 f4
34. Rh8+ Kg7 35. Rg8+ Kh7 36. Rg5 Rh6 37. Rf5 Qd6 38. Rf7+ Kh8 39. Rc3 Qd8 40.
Ra7 Rb6 41. Rcc7 1-0

[Event "23rd Abu Dhabi Masters"]
[Site "Abu Dhabi UAE"]
[Date "2016.08.22"]
[Round "2.14"]
[White "Sarkar, Justin"]
[Black "Prohaszka, Peter2"]
[Result "1/2-1/2"]
[WhiteTitle "IM"]
[BlackTitle "GM"]
[WhiteElo "2434"]
[BlackElo "2604"]
[WhiteFideId "2010011"]
[BlackFideId "726265"]
[EventDate "2016.08.21"]

1. d4 d5 2. c4 c6 3. Nf3 Nf6 4. Nc3 dxc4 5. a4 Bf5 6. Ne5 Nbd7 7. Nxc4 Nb6 8.
Ne5 a5 9. h4 h6 10. f3 Nfd7 11. e4 Bh7 12. Nd3 e6 13. Be3 Bd6 14. Bf2 Qc7 15.
Rc1 Bg3 16. Qd2 Rd8 17. b3 O-O 18. Ne2 Bxf2+ 19. Kxf2 Nc8 20. Qe3 e5 21. dxe5
Nxe5 22. Nxe5 Qxe5 23. g4 Rfe8 24. Bg2 Ne7 25. Qc3 Ng6 26. h5 Qxc3 27. Rxc3 Ne5
28. Nf4 Rd2+ 29. Ke3 Rb2 30. Rhc1 Kf8 31. R1c2 Rxc2 32. Rxc2 f6 33. Rb2 Ke7 34.
Bf1 Kd6 35. Bc4 Nxc4+ 36. bxc4 Kc7 37. c5 Bg8 38. Rd2 Bb3 39. Rd3 Bc4 40. Rd4
Bb3 41. Nd3 Re7 42. Nb2 b6 43. cxb6+ Kxb6 44. Nc4+ Bxc4 45. Rxc4 Re5 46. f4 Re8
47. Rc2 Kc7 48. Rc5 Kb6 49. Rc2 Re7 50. Rc4 Re8 51. Rc1 Re7 52. Rc3 Rf7 53. e5
fxe5 54. fxe5 c5 55. Ke4 Kc6 56. e6 Rf1 57. Ke5 Re1+ 58. Kf5 Rf1+ 59. Kg6 Rf6+
60. Kxg7 Rxe6 61. g5 hxg5 62. h6 Kd5 63. Rg3 Kc4 64. Rxg5 Kb4 65. h7 Re8 66. Rf5
c4 67. Rf8 Re7+ 68. Rf7 Re8 69. Rf8 Re7+ 70. Rf7 Re8 1/2-1/2

[Event "23rd Abu Dhabi Masters"]
[Site "Abu Dhabi UAE"]
[Date "2016.08.22"]
[Round "2.15"]
[White "Ameir, Moheb"]
[Black "Savchenko, Boris"]
[Result "1/2-1/2"]
[WhiteTitle "IM"]
[BlackTitle "GM"]
[WhiteElo "2431"]
[BlackElo "2602"]
[WhiteFideId "10600620"]
[BlackFideId "4147332"]
[EventDate "2016.08.21"]

1. e4 e6 2. d4 d5 3. Nd2 Nc6 4. Ngf3 Nf6 5. e5 Nd7 6. Bb5 a6 7. Bxc6 bxc6 8. c4
c5 9. cxd5 exd5 10. O-O Be7 11. Re1 O-O 12. Nf1 Re8 13. Qc2 cxd4 14. Nxd4 Bc5
15. Be3 Bb7 16. Nc6 Bxc6 17. Bxc5 a5 18. f4 Bb7 19. Rac1 Ra6 20. Bd4 c5 21. Bxc5
Rc6 22. Qf2 Qc8 23. Be3 d4 24. Bd2 Nc5 25. Qxd4 Rd8 26. Qe3 Nd3 27. Rxc6 Qxc6
28. Re2 Nxb2 29. f5 Nc4 30. Qg5 f6 31. exf6 Qxf6 32. Qxf6 gxf6 33. Bh6 Kf7 34.
Rc2 Rd1 35. Rxc4 Rxf1+ 36. Kxf1 Ba6 37. a3 a4 38. Kf2 Bxc4 1/2-1/2